Quick start to data analysis with SAS

Αποθηκεύτηκε σε:
Λεπτομέρειες βιβλιογραφικής εγγραφής
Κύριος συγγραφέας: DiIorio, Frank C.
Άλλοι συγγραφείς: Hardy, Kenneth A.
Μορφή: Βιβλίο
Γλώσσα:English
Δημοσίευση: Belmont ; Albany : Duxbury press, c1996
Θέματα:
Ετικέτες: Προσθήκη ετικέτας
Δεν υπάρχουν, Καταχωρήστε ετικέτα πρώτοι!

MARC

LEADER 00000nam a2200000 i 4500
001 1/3723
008 000522s1996 eng d
020 |a 0534237606 
035 |l 10060898 
040 |a GR-MY-UA  |b gre  |e aacr 
041 0 |a eng 
082 0 |a 005.3 
100 1 |a DiIorio, Frank C. 
245 1 0 |a Quick start to data analysis with SAS /  |c Frank DiIorio, Kenneth A. Hardy 
260 |a Belmont ; Albany :   |b Duxbury press,   |c c1996 
300 |a xvi, 301 p.;  |b ill.;  |c 24 cm. 
504 |a Includes bibliographical references 
630 0 0 |a SAS (Computer file) 
650 0 0 |a Statistics  |x Data processing. 
700 1 |a Hardy, Kenneth A. 
852 |a INST  |b SAMOS  |e 20000522  |h 005.3 DII  |p 005300015356  |q 005300015356  |t BK  |y 0 
901 |a BIBL3-2000-2 
909 |a Σ  |b 075109 
922 |a 3ΕΛΗ  |b 200003  |c ΤΠΕΣ/ΤΑΚΤ  |d ΠΑΠΑΣΩΤΗΡΙΟΥ 
970 |a ΓΕΝΟΥΖΟΥ  |b ΧΡΥΣΑΝΘΗ  |z 2000/05/22